000
00297nam a22001337a 4500
008
170302b xxu||||| |||| 00| 0 eng d
020
_a
9780871508263
041
_a
eng
080
_2
3ED
_a
575
100
_a
6
101
_a
SHM
245
_a
EVOLUTION PROCES PRODUCT
_c
DODSON.O.E
942
_2
udc
_c
BK
999
_c
6592
_d
6592